Normal view
MARC view
- COMPUTER HARDWARE AND SOFTWARE ARCHITURE AND DESIGN
Entry Topical Term
001 - CONTROL NUMBER
- control field: 65167
003 - CONTROL NUMBER IDENTIFIER
- control field: NUST
005 - DATE AND TIME OF LATEST TRANSACTION
- control field: 20210628203407.0
008 - FIXED-LENGTH DATA ELEMENTS
- fixed length control field: 210628|| aca||aabn | a|a d
040 ## - CATALOGING SOURCE
- Original cataloging agency: NUST
- Transcribing agency: NUST
150 ## - HEADING--TOPICAL TERM
- Topical term or geographic name entry element: COMPUTER HARDWARE AND SOFTWARE ARCHITURE AND DESIGN
670 ## - SOURCE DATA FOUND
- Source citation: Work cat.: (NUST): Solari, Edward, Willse, George 65166, Pci and pci-x hardware and software architure and design, 2001
